000 00536nam a2200205Ia 4500
003 OSt
005 20230531111900.0
008 210423s2013 xx 000 0 und d
020 _a978-81-316-0595-0
040 _cAL
041 _aeng
082 _a362.6 SEBA
100 _aSEBASTIAN (Daliya)
_941281
245 _aAgeing and elder abuse: study in Kerala
260 _aNew Delhi
_bRawat Publications
_c2013
300 _a199
_bHB
365 _b445
_cINR
650 _aSocial Welfare Problems & Services
_941282
942 _2ddc
_cBK
999 _c176393
_d176393